සද ගංගාවේ පාවෙන නිවස :ඔත්තු සපයන මාළුවා / වැන්ග් යිමෙයි.

Saved in:
Bibliographic Details
Main Author: යිමෙයි,වැන්ග්
Format: Book
Language:Sinhalese
Published: මීරිගම : ආශිර්වාද ප්‍රකාශකයෝ, 2024
Subjects:
Tags: Add Tag
No Tags, Be the first to tag this record!

MARC

LEADER 00000nam a22000007a 4500
008 241119b |||||||| |||| 00| 0 sin d
020 |a 9786246585006 
041 |a sin 
082 |a 891.483  |b යිමෙයි 
100 |a යිමෙයි,වැන්ග් 
245 0 |a සද ගංගාවේ පාවෙන නිවස :ඔත්තු සපයන මාළුවා / වැන්ග් යිමෙයි. 
246 |a Sada gangawe pawena niwasa : Oththu sapayana maluwa / Veng Yimei 
260 |a මීරිගම :  |b ආශිර්වාද ප්‍රකාශකයෝ,  |c 2024 
300 |a පි.180:  |b චිත්‍ර;  |c සෙ.මි 21 
650 |a සිංහල සාහිත්‍ය 
700 |e පරි 
999 |c 12969  |d 12969